LEADER 01162nam a2200217 i 4500 001 000000020797 003 CaOOAMICUS 005 20180830125445.0 008 180830s1833 it u000 u ita u 040 $aSeMil$bita 100 1 $aSay, Jean-Baptiste.$0(OLS)http://semarc/name/9313 245 10$aCorso completo d'economia politico-pratica :$bopera destinata a mettere sotto gli occhi degli uomini di stato, dei proprietari d'immobili e dei capitalisti ... l'economia della società /$cdi g. Battista Say ; traduzione dal francese. 260 $aFirenze :$bPer Vincenzo Batelli e figli,$c1833-1835. 300 $a4 v. ;$c23 cm. 650 4$aEconomia politica - Manuali.$0(OLS)http://semarc/subject/2311 774 0 $tTomo 1.$g1$w()182313 774 0 $tTomo 4.$g4$w()251578 774 0 $tTomo 2.$g2$w()251579 774 0 $tTomo 3.$g3$w()251580 996 $6245$aCorso completo d'economia politico-pratica :$bopera destinata a mettere sotto gli occhi degli uomini di stato, dei proprietari d'immobili e dei capitalisti ... l'economia della società$9(OLS)http://semarc/title/27449 996 $6260$aFirenze :$bPer Vincenzo Batelli e figli$9(OLS)http://semarc/publisher/35379 LEADER 01581nam a2200301 i 4500 001 000000204564 003 CaOOAMICUS 005 20110801000000.0 008 110801s2011 it u000 u ita u 013 $a183291 020 $a978-88-7839-196-3 040 $aSeMil$bita 100 1 $aSichkaryk, Ivan <1976- >.$0(OLS)http://semarc/name/73753 245 10$aCorpo (SOMA) come punto focale nell'insegnamento paolino :$bricerca esegetica e teologica-biblica /$cIvan Sichkaryk. 260 $aRoma :$bPontificia Università Gregoriana,$c2011. 300 $a508 p. ;$c24 cm. 490 0 $aTesi Gregoriana. Serie Teologia ;$v185 500 $aContiene : Bibliografia (pp. [429]-464). 650 4$aBibbia. Nuovo Testamento. Lettera ai Corinzi. 1. - Commentari, studi, critica, interpretazioni.$0(OLS)http://semarc/subject/171 650 4$aPaolo - Concezione del corpo.$0(OLS)http://semarc/subject/9551 650 4$aBibbia - NT - 1 Corinzi 6,12-20.$0(OLS)http://semarc/subject/38535 830 0$aTesi Gregoriana. Serie Teologia ;$v185.$0(OLS)http://semarc/title/351 850 $aSeMil 852 $aSeMil$W1$xVenegono$y1$m2M VI 285$j155058$B155058$CSeMilBibl$Z2$F165964 $81 961 $aSottoscrizione: Pontificia Università Gregoriana 996 $6020$a978-88-7839-196-3$9(OLS)http://semarc/number/197920 996 $6245$aCorpo (SOMA) come punto focale nell'insegnamento paolino :$bricerca esegetica e teologica-biblica$9(OLS)http://semarc/title/296392 996 $6260$aRoma :$bPontificia Università Gregoriana$9(OLS)http://semarc/publisher/29750